000 02615cam a2200565 i 4500
001 xx004985978
003 NUKAT
005 20260424130044.0
008 201102s2020 pl a |001 0 pol c
020 _a9788380981997
_q(oprawa twarda) :
_czł 40,00
035 _a(OCoLC)1225231509
035 _a(NUKAT)xx004985978
040 _aKAT U/MP
_bpol
_erda
_cKAT U/MPs
_dKAT U/MP
_dWR O/GW
_dWA 14/ABs
_dOLSZT 008/bak
041 1 _apol
_hger
045 2 _bd1939
_bd1945
046 _k2014
100 1 _aBecker, Maximilian
_d(1980- ).
_eAutor
_940476
240 1 0 _aMitstreiter im Volkstumskampf
_l(pol.)
245 1 0 _aSądownictwo niemieckie i jego rola w polityce okupacyjnej na ziemiach polskich wcielonych do Rzeszy 1939-1945 /
_cMaximilian Becker ; tłumaczenie Wieńczysław Niemirowski ; Instytut Pamięci Narodowej. Komisja Ścigania Zbrodni przeciwko Narodowi Polskiemu.
260 _aWarszawa :
_bInstytut Pamięci Narodowej. Komisja Ścigania Zbrodni przeciwko Narodowi Polskiemu,
_c2020.
300 _a382, [1] strona :
_bilustracje ;
_c25 cm.
336 _aTekst
_btxt
_2rdacontent
337 _aBez urządzenia pośredniczącego
_bn
_2rdamedia
338 _aWolumin
_bnc
_2rdacarrier
380 _aKsiążki
380 _aPublikacje naukowe
388 1 _a2001-
490 1 _aCentalny Projekt Badawczy IPN Losy Polski i jej Obywateli w Latach II Wojny Światowej
500 _aTytuł oryginału: Mitstreiter im Volkstumskampf :Deutsche Justiz in den eingegliederten Ostgebieten 1939-1945.
504 _aBibliografia na stronach 339-374. Indeks.
648 7 _a1901-2000
_2DBN
_934996
648 7 _a1939-1945
_2DBN
_936042
650 7 _aOkupacja niemiecka Polski (1939-1945)
_2DBN
_936756
650 7 _aPrześladowanie
_2DBN
_937303
650 7 _aSądownictwo
_2DBN
_936270
650 7 _aTrzecia Rzesza (1933-1945)
_2DBN
_940162
650 7 _aWymiar sprawiedliwości
_zPolska
_y1900-1945.
_2kaba
_940477
650 7 _aNazizm i sprawiedliwość
_zPolska.
_2kaba
_940478
651 7 _aNiemcy
_2DBN
_935243
651 7 _aPolska
_2DBN
_935076
651 7 _aPolska
_y1939-1945 (Okupacja niemiecka i sowiecka).
_2kaba
_913202
655 7 _aMonografia
_2DBN
_935240
658 _aHistoria
658 _aPrawo i wymiar sprawiedliwości
700 1 _aNiemirowski, Wieńczysław A.
_eTłumaczenie
_940475
710 2 _aInstytut Pamięci Narodowej - Komisja Ścigania Zbrodni przeciwko Narodowi Polskiemu.
_eInstytucja sprawcza
_eWydawca
_4pbl
_911792
830 0 _aLosy Polski i jej Obywateli w Latach II Wojny Światowej
_939936
920 _a978-83-8098-199-7 (oprawa twarda) : zł 40,00
942 _2ddc
_cBK_NM
999 _c27748
_d27748